| 000 | 00000nam##2200000za#4500 |
| 001 | 9.606873 |
| 003 | CaOODSP |
| 005 | 20210624212837 |
| 007 | cr ||||||||||| |
| 008 | 150406|2003||||xxc|||||o f|0| 0 fre|d |
| 040 | |aCaOODSP|bfre |
| 043 | |an-cn--- |
| 086 | 1 |aEn1-17/50-2003F-PDF |
| 110 | 1 |aCanada. |bEnvironnement Canada. |
| 245 | 10|aEaux usées. Technologie Juggler - unité mobile éco-efficace pour la vidange des fosses septiques |h[ressource électronique] |
| 260 | |aMontréal - Québec : |bEnvironnement Canada |cMars 2003. |
| 300 | |a4p.|bfigures en couleur, tableaux, photographies |
| 490 | 1 |aTechnologies Saint-Laurent |
| 500 | |aLe n° de catalogue (En1-17/50-2003F) et l'ISBN (0-662-88377-2) de l'édition imprimée ont été incorrectement copiés dans l'édition électronique. |
| 590 | |a14-21-Supp|b2014-12-11 |
| 691 | 07|aEaux usées|2gcpds |
| 691 | 07|aGestion des déchets|2gcpds |
| 775 | 08|tWastewaters. Juggler technology - eco-efficient mobile unit for emptying septic tanks |w(CaOODSP)9.579419 |
| 830 | #0|aTechnologies Saint-Laurent.|w(CaOODSP)9.500861 |
| 856 | 40|ahttp://publications.gc.ca|qPDF|s353 Ko|uhttps://publications.gc.ca/collections/collection_2014/ec/En1-17-50-2003-fra.pdf |